000 01558nam a2200481 i 4500
001 30685
003 KOSZ 005
005 20210811112114.0
008 980702s1996 pl a f f |001 0 pol
015 _aUWD 1996/3369
020 _a8320418909
035 _a991003955359705066
035 _a(PL-WaBN)b1105296x-48omnis_nlop
035 _ab1105296x
035 _a(OCoLC)751293423
035 _axx001579639
035 _a(PL)b0000001105296
035 _a(EXLNZ-48OMNIS_NETWORK)9910115458205606
040 _aWA N
_cWA N
_dKSZ 005/HR
046 _k1996
080 _a(075.8)
080 _a004.891
100 1 _aMulawka, Jan Jerzy
_eAutor
245 1 0 _aSystemy ekspertowe /
_cJan J. Mulawka.
260 _aWarszawa :
_bWydawnictwa Naukowo-Techniczne,
_c1996.
300 _a235, [1] s. :
_brys., wykr. ;
_c24 cm.
336 _aTekst
_btxt
_2rdacontent
337 _aBez urządzenia pośredniczącego
_bn
_2rdamedia
338 _aWolumin
_bnc
_2rdacarrier
380 _aKsiążki
380 _aPublikacje dydaktyczne
385 _mPoziom naucania
_aSzkoły wyższe
388 _a1901-2000
388 _a1989-2000
504 _aBibliogr. s. 224-230. - Indeks.
650 7 _aSystemy ekspertowe
_2DBN
655 7 _aPodręczniki akademickie
_2DBN
658 _aInformatyka i technologie informacyjne
710 2 _aWydawnictwa Naukowo-Techniczne
_4pbl
856 _uhttp://koha.tu.koszalin.pl/cgi-bin/koha/opac-detail.pl?biblionumber=30685
_yKatalog online BPK
942 _2UKD
_cKS
999 _c30685
_d30685